Регионална библиотека "Любен Каравелов" - Русе

Этимологический словарь русского языка (Запис номер 355746)

MARC детайли
000 -Лидер
Контролно поле с фиксирана дължина nam a22 7a 4500
003 - Код на организацията, давaща контролен номер
Контролно поле BLK
005 - Дата и час на последна редакция
Контролно поле 20200418222513.0
008 - Елементи от данни с фиксирана дължина
fixed length control field 200418b bu ||||| |||| 00| 0 bu d
040 ## - Източник на каталожния запис
Идентификатор на билиотеката - собственик на записа BLK
041 ## - Код за език
Код за езика на текст/звукозапис или на отделно заглавие Руски
Код за езика КДБФ Руски
080 ## - УДК
Текстов определител УДК Руска литература
УДК код - определител по УДК 821.161.1
100 ## - Редна дума - Автор
R(LIN) 398881
Автор ФАСМЕР, Макс
Авторска отговорност първи автор
139 ## - Редно поле
Редна дума ФАСМЕР, Макс
Авторски знак Фас - Ф 24
245 ## - Сведения за заглавието
Заглавие Этимологический словарь русского языка
Подзаглавни данни Т - 3
Редно поле (дума) Муза - Сят
Версия 2. изд., стереотипное
257 ## - Страна на издаване
Страна на създаване/издаване Русия
260 ## - Област на издателските данни
9 (RLIN) 210550
Име на издателя, разпространителя и проч. Прогресс
Година на издаване 1987
Издателство - префикс ISBN 5-01-
300 ## - Физическа характеристика
Страници 832 с.
Размери/Мащаб 22 см
380 ## - Жанр
Жанр Езикознание. Филология
650 #0 - Допълнително описание по предмет – тема
9 (RLIN) 396454
Основно описание – тема или топоним Езици
653 #7 - Ключова дума – ненормативна
9 (RLIN) 185931
Ключова дума езикознание
700 ## - Други автори (авторска отговорност)
9 (RLIN) 398883
Лично име О. Н. Трубачева
Автороска отговорност (Описва отношението между автора и произведението) Перев. с нем. и доп.
852 ## - Местоположение
Форматна сигнатура Цб 144457
Фондова буква Хранилище
999 ## - СИСТЕМНИ КОНТРОЛНИ НОМЕРА
Koha biblionumber 355746
Koha biblioitemnumber 355746
942 ## - АРТИКУЛИ
Вид на библиотечния материал Книги
Скрит в OPAC Не
Периодичен библиозапис Да
944 ## - СЪЗДАВАНЕ И РЕДАКЦИЯ на ЗАПИСА
Създаване/Редакция Създаване
Дата на регистрацията/редакция 2020-04-18
Служител, извършил регистрацията/редакцията К. Г.
Наличности
Код за отписване Код за изгубен артикул Източник на класификационната схема Код за повреда Код за отдаване Артикулен № Име на библиотеката - собственик Име на библиотеката, в която се намира в момента Статус (Текущо местоположение) Дата на вписване в системата Местоположение - отдел Цена в лева Инвентарен номер Систематично азбучна сигнатура Баркод Цена в евро Служебен тип на артикула
  Не е изгубен Universal Decimal Classification Не е повреден ползва се в читалня 763135 Регионална библиотека "Любен Каравелов" Русе Регионална библиотека "Любен Каравелов" Русе Хранилище 2020-04-21 Хранилище 3.20 480162 Цб 144457 120000480162 1.64 Книги
Vip Innovations Ltd, Rousse, Bulgaria 2025